01300 2200193 4500001002100000005001500021035002000036245006900056100001600125250003100141300003200172260003400204082001100238084001700249020002200266650001700288520077400305500002701079INLIS00000000000008920240502085236 a0010-05240000111 aSaid Bin Amir :bKeutamaan di Balik Kesederhanaan /cFajar Dinar0 aFajar Dinar acetakan ke-1, edisi revisi avi, 58 hlm :bilus ;c25 cm aBandung :bTitian Ilmu,c2007 a297.63 a297.63 FAJ s a978-979-130-402-3 4aSahabat Nabi aKebersahajaan dan kesederhanaan dalam hidup yang dipenuhi oleh ketaatan pada Allah SWT, menjadi ciri dari sahabat Nabi yang satu ini, yaitu Said bin Amir. Walaupun di hadapannya terhampar berbagai godaan duniawiyah, tapi Said tetap teguh membentengi dirinya dengan keimanan kepada Allah. Para sahabat lain pun menaruh hormat pada keimanan dan kepribadian Said bin Amir. Budi pekerti dan akhlak yang menonjol menjadi kelebihan sahabat Nabi yang satu ini. Dikisahkan pula bahwa Said bin Amir lahir tatkala sedang berkecamuk Perang Hunain dan Perang Tabuk, serta pada saat munculnya nabi-nabi palsu, Said tercatat pernah menjadi Walikota di Kota Homs. Ia merupakan sahabat yang berbudi luhur, sampai dikisahkan pula tentang kelebihan Said sampai wafatnya Said bin Amir. aSeri Para Sahabat Nabi